Addiction.

Bibliographic Details
Uniform Title:Addiction (Abingdon, England : Online : Synergy)
Corporate Author: Society for the Study of Addiction
Format: Journal
Language:English
Published: [Oxford, England] : Blackwell Science Ltd.
Subjects:
Online Availability: Check for online availability

MARC

Tag First Indicator Second Indicator Subfields
LEADER 00000cas a22000004a 4500
001 in00001709005
005 20151024165141.0
006 m f d
007 cr cn---------
008 020219c20029999enkmr p s 0 0eng d
010 |a  2002242056 
022 |a 1360-0443  |y 0965-2140 
035 |a (OCoLC)ocm49037803 
040 |a FQM  |c FQM  |d MYG  |d UtOrBLW 
042 |a lcd 
049 |a TXAM 
050 1 4 |a HV5001 
090 |a HV5800  |b .B7 Electronic 
096 |a INTERNET 
130 0 |a Addiction (Abingdon, England : Online : Synergy) 
245 1 0 |a Addiction. 
264 1 |a [Oxford, England] :  |b Blackwell Science Ltd. 
310 |a Monthly 
336 |a text  |b txt  |2 rdacontent 
337 |a computer  |b c  |2 rdamedia 
338 |a online resource  |b cr  |2 rdacarrier 
362 1 |a Electronic coverage as of Apr. 8, 2002: Vol. 97, issue 1 (Jan. 2002)- 
500 |a Available through: Synergy. 
500 |a Description based on: Volume 97, issue 1 (Jan. 2002); title from table of contents page (viewed on Apr. 8, 2002). 
506 |a Subscription required for access to full text. 
516 8 |a Tables of contents and summaries freely available in HTML; full text articles available to subscribers in HTML and PDF 
530 |a Online version of the print publication. 
538 |a System requirements: Internet connectivity, World Wide Web browser, and Adobe Acrobat Reader. 
538 |a Mode of access: World Wide Web. 
550 |a Published on behalf of the Society for the Study of Addiction. 
500 |a Electronic resource. 
650 0 |a Alcoholism  |v Periodicals. 
650 0 |a Drug addiction  |v Periodicals. 
650 0 |a Tobacco use  |v Periodicals. 
650 2 |a Substance-Related Disorders  |v Periodicals. 
650 2 |a Alcoholism  |v periodicals. 
650 2 |a Tobacco Use Disorder  |v periodicals. 
650 2 |a Societies, Medical  |v Periodicals. 
710 2 |a Society for the Study of Addiction. 
776 1 |t Addiction (Abingdon, England)  |x 0965-2140  |w (DLC) 93645978  |w (OCoLC)27367194 
948 |a cataloged  |b h  |c 2002/10/30  |d c  |e bsurratt  |f 11:39:53 am 
949 |a AM_DB_MFHD URL added  |b h  |c 2003/8/6  |e rstovall5  |f 1:43:49 pm 
936 |a Vol. 97, issue 3 (Mar. 2002) LIC 
994 |a E0  |b TXA 
999 |a MARS 
999 f f |s c96c6f56-abd8-360e-a1ea-cc1a63c7717b  |i 3bbc1581-dd95-39d7-b3c4-a33c836296b6  |t 0 
952 f f |a Texas A&M University  |b College Station  |c Electronic Resources  |d Available Online  |t 0  |e HV5800 .B7  |g Electronic  |h Library of Congress classification 
998 f f |a HV5800 .B7  |t 0  |l Available Online